000 00510nam a2200181Ia 4500
005 20250326124726.0
008 250326s9999 xx 000 0 und d
037 _aTextbook
040 _aFMSL
_beng
_cFMSL
041 _aeng
_2eng
084 _aX:87-8M K6
_qFMSL
100 _aAdams H P
_9123809
245 0 _aBasic principles of supervision
_cAdams H P; Dicky F G
260 _aNew Delhi
_bNew Delhi, Eurasia
_c1966
300 _a320p
942 _cTB
_hX:87-8M K6
999 _c1274931
_d1274931